000
00459nam a2200181Ia 4500
008
100917s9999 xx 000 0 und d
082
_b
40453
100
_a
यादवाडकर प्रकाश
245
_a
ऍगाथा
260
_b
रंजना प्रकाशन
_c
1973
300
_a
140
365
_b
5
520
_a
कथा
630
_a
ऍगाथा
650
_a
कथा
730
_a
ऍगाथा
942
_c
BOOK
999
_c
645847
_d
645844